| 000 | 00926cam a2200181ua 4500 | ||
|---|---|---|---|
| 020 | _c200.00 | ||
| 041 |
_aeng _h |
||
| 082 |
_a028.71531 _bKER/HA |
||
| 110 | 1 |
_aKerala statistical institute . _bKSI _c() |
|
| 245 | _aHand book of statistics 2000 | ||
| 250 |
_a1 / _b. |
||
| 260 |
_aTrivandrum : _bKerala statistical institute , _c2000. |
||
| 300 | _a130 ; . | ||
| 365 | _a200.00 | ||
| 504 | _a | ||
| 942 | _cBK | ||
| 999 |
_c5479 _d5479 |
||